书目信息 |
| 题名: |
鲁迅文集
|
|
| 作者: | 鲁迅 著 ;黄乔生 编 | |
| 分册: | 小说 | |
| 出版信息: | 石家庄 河北人民出版社 2019.11 |
|
| 页数: | 13,356页 | |
| 开本: | 21cm | |
| 丛书名: | ||
| 单 册: | ||
| 中图分类: | I210.2 , I210.6 | |
| 科图分类: | ||
| 主题词: | 鲁迅著作--lu xun zhu zuo--作品集 , 鲁迅小说--lu xun xiao shuo--小说集 | |
| 电子资源: | ||
| ISBN: | 978-7-202-14287-5 | |
| 000 | 00906nam0 2200277 450 | |
| 001 | 2161418877 | |
| 005 | 20211122091601.25 | |
| 010 | @a978-7-202-14287-5@dCNY66.50(全6册399.00) | |
| 100 | @a20200805d2019 em y0chiy0120 ea | |
| 101 | 0 | @achi |
| 102 | @aCN@b130000 | |
| 105 | @aa z 000ay | |
| 106 | @ar | |
| 200 | 1 | @a鲁迅文集@Alu xun wen ji@i小说@dThe collected works of Luxun@iNovels@f鲁迅著@g黄乔生编@zeng |
| 210 | @a石家庄@c河北人民出版社@d2019.11 | |
| 215 | @a13,356页@c照片,图@d21cm | |
| 510 | 1 | @aThe collected works of Luxun@iNovels@zeng |
| 517 | 1 | @a小说@Axiao shuo |
| 606 | 0 | @a鲁迅著作@Alu xun zhu zuo@x作品集 |
| 606 | 0 | @a鲁迅小说@Alu xun xiao shuo@x小说集 |
| 690 | @aI210.2@v5 | |
| 690 | @aI210.6@v5 | |
| 701 | 0 | @a鲁迅@Alu xun@f(1881~1936)@4著 |
| 702 | 0 | @a黄乔生@Ahuang qiao sheng@f(1964.1~)@4编 |
| 801 | 0 | @aCN@b百万庄@c20210927 |
| 905 | @b1301962-64@dI210.2@e445:4@f3 | |
| 鲁迅文集.小说=The collected works of Luxun.Novels/鲁迅著/黄乔生编.-石家庄:河北人民出版社,2019.11 |
| 13,356页:照片,图;21cm |
| ISBN 978-7-202-14287-5:CNY66.50(全6册399.00) |
| ● |
| 相关链接 |
|
|
|
|
正题名:鲁迅文集
索取号:I210.2/445:4
 
预约/预借
| 序号 | 登录号 | 条形码 | 馆藏地/架位号 | 状态 | 备注 |
| 1 | 1301962 | 213019623 | 第一样本阅览室/ [索取号:I210.2/445:4] | 在馆 | |
| 2 | 1301963 | 213019632 | 第二借阅区/ [索取号:I210.2/445:4] | 在馆 | |
| 3 | 1301964 | 213019641 | 第二借阅区/ [索取号:I210.2/445:4] | 在馆 |